Padre Roberto Polain Cartier : Fe, cultura y vida: un compromiso (1915-1978) /

El padre Roberto integraba esa Pléyada de educadores que ahí forjado un nuevo paradigma educacional. Este nuevo espíritu pedagógico en una Bélgica convulsionada por la ocupación alemana el joven polain dirigió campamentos scout, participo en un jamboree, asistió a congresos, retiros y jornadas, pere...

Descripción completa

Detalles Bibliográficos
Autor principal: Aburto Spitzer, Germán
Formato: Analitica de revista
Lenguaje:español
Publicado: Santiago, Chile Pontificia Universidad Católica de Chile 2004

MARC

LEADER 00000cab a2200000 a 4500
001 036189
003 UAHC_CL
005 20170803123948.0
008 030922s1994 cl f 000 spa
040 |a UAHC_CL  |c UAHC_CL  |d UAHC_CL 
100 1 |a Aburto Spitzer, Germán 
245 1 0 |a Padre Roberto Polain Cartier :  |b Fe, cultura y vida: un compromiso (1915-1978) /  |c Germán Aburto Spitzer. 
260 |b Pontificia Universidad Católica de Chile  |c 2004  |a Santiago, Chile 
300 |a p. 400-418 
500 |a En: Pensamiento educativo, nû34, 2004. p.400-418. ISSN 07171013. 
500 |a En: Pensamiento educativo, n°34, 2004. p.400-418. ISSN 07171013. 
500 |a En: Pensamiento educativo, nç34, 2004. p.400-418. ISSN 07171013. 
520 |a El padre Roberto integraba esa Pléyada de educadores que ahí forjado un nuevo paradigma educacional. Este nuevo espíritu pedagógico en una Bélgica convulsionada por la ocupación alemana el joven polain dirigió campamentos scout, participo en un jamboree, asistió a congresos, retiros y jornadas, peregrinaciones que la federación de scout católicos organizaba con gran entusiasmo.\Una renovación humanista florecía: adultos jóvenes en una interacción educativa con niños y jóvenes motivados convergían en hermosos pastizales, junto a ríos y bosques al aire libre; empezaba a producirse una variedad de acciones pedagógicas entretenidas, basadas en el juego y la acción propias del explorador. 
520 |a El padre Roberto integraba esa Pléyada de educadores que ahí forjado un nuevo paradigma educacional. Este nuevo espíritu pedagógico en una Bélgica convulsionada por la ocupación alemana el joven polain dirigió campamentos scout, participo en un jamboree, asistió a congresos, retiros y jornadas, peregrinaciones que la federación de scout católicos organizaba con gran entusiasmo.\Una renovación humanista florecía: adultos jóvenes en una interacción educativa con niños y jóvenes motivados convergían en hermosos pastizales, junto a ríos y bosques al aire libre; empezaba a producirse una variedad de acciones pedagógicas entretenidas, basadas en el juego y la acción propias del explorador. 
759 |a PP160 
773 0 |t Revista PRELAC  |w 041234 
900 |a PENSAMIENTO EDUCATIVO-34/04 
942 |c REVA 
952 |0 0  |1 0  |4 0  |6 PENSAMIENTO_EDUCATIVO34_04_000000000000000  |7 0  |8 General  |9 68911  |a BC  |b BC  |c General  |d 2017-08-03  |l 0  |o PENSAMIENTO EDUCATIVO-34/04  |p FICTICIO5023  |r 2019-01-08 00:00:00  |t 1  |w 2017-08-03  |y REVA 
999 |c 36189  |d 36189